“热干面”地点数量≥200的地级行政区 Prefectures with ≥200 "Reganmian" sites - Statistics

General Stats
  • This quiz has been taken 66 times
  • The average score is 7 of 13
Answer Stats
地级行政区 数量 % Correct
武汉 1926
100%
郑州 1948
70%
深圳 402
66%
广州 285
66%
孝感 308
64%
荆州 204
64%
信阳 859
54%
南阳 529
54%
驻马店 1411
39%
周口 290
36%
许昌 666
33%
平顶山 651
30%
漯河 941
26%
No matching quizzes found
Score Distribution
Percent of People with Each Score
Percentile by Number Answered
Your Score History
You have not taken this quiz